000 00985nas a2200313 4500
001 BR0302456
003 BR-BrBNA
005 20231205103804.0
007 ta
008 230509b bl.|||p| |||| 00| 00por d
040 _aBR-BrBNA
_bpor
_cBiblioteca Nacional de Agricultura
041 _a(Pt)
072 _aP32; U40
100 1 _aSantos, M.C.
100 1 _aSilva, M.S.L.
100 1 _aAlmeida, B.G.
100 1 _aKlant, E.
100 1 _aCavalcanti, A.C.
245 1 _aCaracterização micromorfológica e considerações sobre a gênese de solos de tabuleiro do semi-árido do Brasil
650 _aPLANOSSOLO
650 _aPERFIL DO SOLO
650 _aFOTOINTERPRETAÇÃO
650 _aGÊNESE DO SOLO
650 _aCLASSIFICAÇÃO DO SOLO
650 _aPERNAMBUCO
773 0 _tRevista Brasileira de Ciência do Solo (Brazil)
_xISSN 0100-0683
_g(Oct-Dec 2002), v. 26(4) p. 1031-1046
_wBR0302456
909 _a202311
_bLúcia
_c55
_dLúcia Elande
942 _2AGRIS
_n0
_cANA
999 _c174742
_d174742